Vías de extinción, vías de supervivencia : testimonio del pueblo indígena de la Reserva Kéköldi, Costa Rica /
Kaydedildi:
| Yazar: | |
|---|---|
| Materyal Türü: | Bilinmiyor |
| Dil: | Spanish |
| Baskı/Yayın Bilgisi: |
San José, Costa Rica :
Editorial de la Universidad de Costa Rica,
1992.
|
| Konular: | |
| Etiketler: |
Etiketle
Etiket eklenmemiş, İlk siz ekleyin!
|
MARC
| LEADER | 000000000a22000000004500 | ||
|---|---|---|---|
| 001 | 003276 | ||
| 020 | |a 997767213X | ||
| 041 | 0 | |a spa | |
| 082 | 0 | 4 | |a 972.860.1 |b P168v |
| 100 | 1 | |a Palmer, Paula | |
| 245 | 1 | 0 | |a Vías de extinción, vías de supervivencia : |b testimonio del pueblo indígena de la Reserva Kéköldi, Costa Rica / |c Paula Palmer. |
| 260 | 1 | |a San José, Costa Rica : |b Editorial de la Universidad de Costa Rica, |c 1992. | |
| 300 | |a 116 páginas | ||
| 650 | 4 | |a INDIOS COSTARRICENSES | |
| 650 | 4 | |a RESERVAS INDIGENAS | |
| 650 | 4 | |a KEKOLDI | |
| 650 | 4 | |a TALAMANCA (LIMON, COSTA RICA) | |
| 650 | 4 | |a INDIGENISMO | |
| 999 | |c 9538 |d 9538 | ||
| 942 | |c BK |h 972.860.1 P168v |2 z | ||



